Etelä-Afrikan viralliset kielet - Statistics

Yleistilastot
  • Tätä visaa on pelattu 419 kertaa
  • Keskiarvotulos 4 / 11
Vastaustilastot
% Kieli % Oikein
9,6 % englanti
96%
13,5 % afrikaans
58%
22,7 % zulu
40%
16,0 % xhosa
35%
2,5 % swazi
25%
7,6 % eteläsotho
23%
8,0 % tswana
20%
9,1 % pohjoissotho
16%
2,1 % ndebele
15%
4,5 % tsonga
15%
2,4 % venda
14%
Ehtoja vastaavia visoja ei löytynyt
Tulosjakauma
Jokaisen tuloksen saaneiden osuus
Persentiili vastausten määrän mukaan
Tuloshistoriasi
Et ole pelannut tätä visaa